000 00326nam a2200133Ia 4500
008 240624s9999 xx 000 0 und d
041 _aeng
082 _a339 KOU
100 _aKOURETAS GEORGIOS P
245 _aMACROECONOMIC ANALYSIS AND INTERNATIONAL
260 _c2014
300 _axv, 268 p.; 23 cm.
365 _cBPS
_b38
999 _c30577
_d30577